000
00317nam a2200121Ia 4500
008
241015s9999 xx 000 0 und d
041
_a
eng
082
_a
956.04 SCO
100
_a
Michael Scott
245
_a
TheshortesthistoryofIsraeland Palestine
260
_b
Picador India
_a
Haryana
_c
2024
300
_a
288;. P. 24 Cm
999
_c
41923
_d
41923